Complete the Card - AEW x NJPW: Forbidden Door 2022 - Statistics

General Stats
  • This quiz has been taken 118 times
  • The average score is 30 of 52
Answer Stats
Hint Answer % Correct
Interim AEW World Championship Match Jon Moxley
93%
IWGP World Heavyweight Championship Four-Way Match Kazuchika Okada
90%
IWGP World Heavyweight Championship Four-Way Match Adam Cole
89%
IWGP World Heavyweight Championship Four-Way Match Jay White
89%
Inaugural AEW All-Atlantic Championship Four-Way Match Pac
89%
IWGP World Heavyweight Championship Four-Way Match "Hangman" Adam Page
88%
IWGP United States Heavyweight Championship Match Orange Cassidy
86%
IWGP United States Heavyweight Championship Match Will Ospreay
86%
ROH World and IWGP Tag Team Championship Three-Way Winner Take All Match Cash Wheeler
82%
ROH World and IWGP Tag Team Championship Three-Way Winner Take All Match Dax Harwood
82%
Interim AEW World Championship Match Hiroshi Tanahashi
82%
Six-Man Tag Team Match Chris Jericho
81%
Six-Mаn Tag Team Match Matt Jackson
81%
Six-Mаn Tag Team Match Nick Jackson
81%
Six-Mаn Tag Team Match Darby Allin
79%
Six-Mаn Tag Team Match Sting
78%
AEW Women's World Championship Match Toni Storm
78%
Singles Match Zack Sabre Jr.
72%
Inaugural AEW All-Atlantic Championship Four-Way Match Miro
71%
Six-Man Tag Team Match Minoru Suzuki
69%
Singles Match Claudio Castagnoli
68%
Inaugural AEW All-Atlantic Championship Four-Way Match Malakai Black
68%
AEW Women's World Championship Match Thunder Rosa
68%
Six-Man Tag Team Match Eddie Kingston
65%
Six-Man Tag Team Match Sammy Guevara
65%
ROH World and IWGP Tag Team Championship Three-Way Winner Take All Match Jeff Cobb
60%
Inaugural AEW All-Atlantic Championship Four-Way Match Clark Connors
58%
Six-Mаn Tag Team Match El Phantasmo
56%
ROH World and IWGP Tag Team Championship Three-Way Winner Take All Match Great-O-Khan
51%
Six-Mаn Tag Team Match Shingo Takagi
50%
Six-Man Tag Team Match Wheeler Yuta
50%
Tаg Team Match (Buy-In) Swerve Strickland
47%
Tаg Team Match (Buy-In) Keith Lee
46%
Eight-Man Tag Team Match (Buy-In) Billy Gunn
44%
Singles Match (Buy-In) Lance Archer
44%
ROH World and IWGP Tag Team Championship Three-Way Winner Take All Match Rocky Romero
44%
Eight-Man Tag Team Match (Buy-In) Austin Gunn
42%
Eight-Man Tag Team Match (Buy-In) Colten Gunn
42%
ROH World and IWGP Tag Team Championship Three-Way Winner Take All Match Trent Beretta
42%
Six-Man Tag Team Match Shota Umino
40%
Eight-Man Tag Team Match (Buy-In) Max Caster
39%
Tаg Team Match (Buy-In) El Desperado
38%
Tag Team Match (Buy-In) Hirooki Goto
36%
Tag Team Match (Buy-In) Yoshi-Hashi
32%
Tаg Team Match (Buy-In) Yoshinobu Kanemaru
29%
Tag Team Match (Buy-In) Aaron Solo
26%
Eight-Man Tag Team Match (Buy-In) Kevin Knight
25%
Singles Match (Buy-In) Nick Comoroto
25%
Tag Team Match (Buy-In) Q. T. Marshall
25%
Eight-Man Tag Team Match (Buy-In) Alex Coughlin
24%
Eight-Man Tag Team Match (Buy-In) Yuya Uemura
24%
Eight-Man Tag Team Match (Buy-In) The DKC
22%
No matching quizzes found
Score Distribution
Percent of People with Each Score
Percentile by Number Answered
Your Score History
You have not taken this quiz